Water supply and waste water engineering / (Record no. 9530)

MARC details
000 -LEADER
fixed length control field 00683nac a22001931u 4500
020 ## - INTERNATIONAL STANDARD BOOK NUMBER
International Standard Book Number 8185749760 (pbk.)
082 ## - DEWEY DECIMAL CLASSIFICATION NUMBER
Classification number 628.1
Item number LAL
090 ## - LOCALLY ASSIGNED LC-TYPE CALL NUMBER (OCLC); LOCAL CALL NUMBER (OCLC)
-- 9530
-- 9530
100 ## - MAIN ENTRY--PERSONAL NAME
Personal name Lal, D.
245 ## - TITLE STATEMENT
Title Water supply and waste water engineering /
Statement of responsibility, etc D. Lal; A. K. Upadhyay
260 ## - PUBLICATION, DISTRIBUTION, ETC. (IMPRINT)
Place of publication, distribution, etc Delhi :
Name of publisher, distributor, etc S. K. Kataria, 2001.
Date of publication, distribution, etc c2001.
300 ## - PHYSICAL DESCRIPTION
Extent Various p. :
Other physical details ill. ;
Dimensions 24 cm.
500 ## - GENERAL NOTE
General note Distributer: Al-Ahram
511 ## - PARTICIPANT OR PERFORMER NOTE
Participant or performer note Catalogued by: Sara
650 ## - SUBJECT ADDED ENTRY--TOPICAL TERM
Topical term or geographic name as entry element Water-supply engineering.
700 ## - ADDED ENTRY--PERSONAL NAME
Personal name Upadhyay, A. K.
942 ## - ADDED ENTRY ELEMENTS (KOHA)
Item type Book - Borrowing
Call number prefix 628.1LAL
Holdings
Withdrawn status Item status Damaged status Not for loan Home library Current library Shelving location Date acquired Source of acquisition Total Checkouts Total Renewals Full call number Barcode Date last seen Date last borrowed Koha item type
        Central Library Central Library First floor 20/05/2008 Purchase 2 28 628.1LAL 000011505 15/07/2025 13/11/2014 Book - Borrowing